Report on minorities (Record no. 487803)

000 -LEADER
fixed length control field 00597cam a22001337a 4500
008 - FIXED-LENGTH DATA ELEMENTS--GENERAL INFORMATION
fixed length control field 180718b1983 xxu||||| |||| 00| 0 eng d
082 ## - DEWEY DECIMAL CLASSIFICATION NUMBER
Classification number B12421x54 In2m
245 ## - TITLE STATEMENT
Title Report on minorities
Statement of responsibility, etc. by High Power Panel on Minorities, Scheduled Castes, Scheduled Tribes and other Weaker Sections, Ministry of Home Affairs
260 ## - PUBLICATION, DISTRIBUTION, ETC.
Place of publication, distribution, etc. Delhi
Name of publisher, distributor, etc. The Controller of Publications
Date of publication, distribution, etc. 1983
300 ## - PHYSICAL DESCRIPTION
Extent 2v.
500 ## - GENERAL NOTE
General note Contents: v.1. 144p;v.2. 205+p.
650 ## - SUBJECT ADDED ENTRY--TOPICAL TERM
Topical term or geographic name entry element Minorities
700 ## - ADDED ENTRY--PERSONAL NAME
Personal name India. Ministry of Home Affairs. High Power Panel on Minorities, Scheduled Castes, Scheduled Tribes and other Weaker Sections
Holdings
Withdrawn status Lost status Damaged status Not for loan Permanent Location Current Location Date acquired Full call number Barcode Date last seen Price effective from Koha item type Checked out
        Indian Institute of Public Administration Indian Institute of Public Administration 2018-08-04 B12421x54 In2m GG24753 2018-08-04 2018-08-04 GG  
        Indian Institute of Public Administration Indian Institute of Public Administration 2018-08-04 B12421x54 In2m GG21227 2018-08-04 2018-08-04 GG  
        Indian Institute of Public Administration Indian Institute of Public Administration 2018-08-04 B12421x54 In2m GG21226 2018-08-04 2018-08-04 GG  
        Indian Institute of Public Administration Indian Institute of Public Administration 2018-08-04 B12421x54 In2m GG21225 2018-08-04 2018-08-04 GG  
        Indian Institute of Public Administration Indian Institute of Public Administration 2018-08-04 B12421x54 In2m GG21224 2018-08-04 2018-08-04 GG 2011-08-13

Powered by Koha